| 000 | 00457cam a2200193ua 4500 | ||
|---|---|---|---|
| 020 | _c16.00 | ||
| 041 |
_aeng _h |
||
| 082 |
_a604.2 _bGAR/EN |
||
| 100 | _aGarg, S B L . | ||
| 245 |
_aEngineering drawing / _cS B L Garg. _hTextual Documents |
||
| 250 |
_a1 / _b. |
||
| 260 |
_aAllahabad : _bSaroj Prakashan , _c1987. |
||
| 300 | _a92 ; . | ||
| 365 | _a16.00 | ||
| 504 | _a | ||
| 700 | 1 | _aBhardwaj, R K . | |
| 942 | _cBK | ||
| 999 |
_c9520 _d9520 |
||